The noble scholar, jurist, historian


 His Excellency Dr. Abdul Wahhab bin Ibrahim Abu Sulaiman, may Allah have mercy on him.


 He was born in Umm Al-Qura in the year 1356 AH.

شرح العارف بالله احمد بن زين دحلان على عقيدة التوحيد لبعض العلماء الناصحين / (Record no. 14732)

MARC details
000 -LEADER
fixed length control field 01367ctm a2200229 i 4500
003 - CONTROL NUMBER IDENTIFIER
control field SA-RiAUC
005 - DATE AND TIME OF LATEST TRANSACTION
control field 20260405142618.0
008 - FIXED-LENGTH DATA ELEMENTS--GENERAL INFORMATION
fixed length control field 260405q20002099xx g 000 0 ara c
040 ## - CATALOGING SOURCE
Original cataloging agency SA-JeALM
Language of cataloging ara
Transcribing agency SA-RiAUC
Description conventions rda
082 04 - DEWEY DECIMAL CLASSIFICATION NUMBER
Classification number 240
090 ## - LOCALLY ASSIGNED LC-TYPE CALL NUMBER (OCLC); LOCAL CALL NUMBER (RLIN)
Classification number (OCLC) (R) ; Classification number, CALL (RLIN) (NR) م ن 240
Local cutter number (OCLC) ; Book number/undivided call number, CALL (RLIN) ا ب ن ز
100 1# - MAIN ENTRY--PERSONAL NAME
Personal name ابن زيني دحلان، أحمد،
Dates associated with a name 1232-1304 هجري
Relator term مؤلف.
245 10 - TITLE STATEMENT
Title شرح العارف بالله احمد بن زين دحلان على عقيدة التوحيد لبعض العلماء الناصحين /
Statement of responsibility, etc. أحمد بن زيني دحلان المكي الشافعي.
264 #0 - PRODUCTION, PUBLICATION, DISTRIBUTION, MANUFACTURE, AND COPYRIGHT NOTICE
Place of production, publication, distribution, manufacture [مكان النشر غير محدد] :
Name of producer, publisher, distributor, manufacturer [الناشر غير محدد]،
Date of production, publication, distribution, manufacture, or copyright notice [بين 1900 و1999]
300 ## - PHYSICAL DESCRIPTION
Extent 8 صفحات .
Other physical details ناقص الصفحات
Dimensions 26 سم.
337 ## - MEDIA TYPE
Media type term بدون وسيط
Media type code n
Source rdamedia
Materials specified كتاب
533 ## - REPRODUCTION NOTE
Type of reproduction أوله يبتدي بـ : الحمد لله رب العالمين وصلى الله وسلم على سيدنا محمد وعلى آله وصحبه أجمعين أما بعد فإني وقفت على عقيدة مختصرة على مذهب أهل السنة ألفها بعض العلماء الناصحين فوجدتها نافعة للمبتدئين والمنتهين ...
650 #7 - SUBJECT ADDED ENTRY--TOPICAL TERM
Topical term or geographic name entry element علم الكلام
Source of heading or term aucsh
740 0# - ADDED ENTRY--UNCONTROLLED RELATED/ANALYTICAL TITLE
Uncontrolled related/analytical title عقيدة أهل السنة.
942 ## - ADDED ENTRY ELEMENTS (KOHA)
Source of classification or shelving scheme Dewey Decimal Classification
Koha item type كتاب مصور نادر
Suppress in OPAC No
949 ## - LOCAL PROCESSING INFORMATION (OCLC)
a SA-JeALM
d 260405
u osman123
n 1
Holdings
Withdrawn status Lost status Source of classification or shelving scheme Damaged status Not for loan Home library Current library Date acquired Total checkouts Full call number Barcode Date last seen Price effective from Koha item type
    Dewey Decimal Classification     DR AbdElwahab Library DR AbdElwahab Library 04/05/2026   م ن 240 ا ب ن ز 000023278 04/05/2026 04/05/2026 كتاب مصور نادر